| 000 | 00679na a2200229 4500 | ||
|---|---|---|---|
| 001 | 17646 | ||
| 003 | MIRAKIL | ||
| 005 | 20181213154834.0 | ||
| 008 | 161031b tu 000 0 | ||
| 035 | _a17646 | ||
| 040 |
_aMilas _btur _cTR-AnCHP |
||
| 041 | _atur | ||
| 082 |
_a355.031 _bN27 1995 |
||
| 090 | _a355.031 N27 1995 | ||
| 245 |
_aNATO el kitabı _cNATO Basın ve Enformasyon Bürosu |
||
| 260 |
_aBrüksel _bNATO Basın ve Enformasyon Bürosu _c1995 |
||
| 300 |
_a358 s. _btbl. _c18 sm. |
||
| 500 | _aNATO: Kuzey Atlantik Antlaşması Örgütü | ||
| 650 |
_aNATO _xTanıtım _yEl kitapları, vb. |
||
| 710 | _aNATO Basın ve Enformasyon Bürosu | ||
| 942 |
_2ddc _cBKS |
||
| 999 |
_c1769 _d1769 |
||